Ozone in the Atmosphere: Basic Principles, Natural and Human Impacts / (Record no. 616603)

000 -LEADER
fixed length control field 00545nam a22001817a 4500
003 - CONTROL NUMBER IDENTIFIER
control field NUST
005 - DATE AND TIME OF LATEST TRANSACTION
control field 20260311133605.0
008 - FIXED-LENGTH DATA ELEMENTS--GENERAL INFORMATION
fixed length control field 260311b ||||| |||| 00| 0 eng d
020 ## - INTERNATIONAL STANDARD BOOK NUMBER
International Standard Book Number 978-3642540981
082 ## - DEWEY DECIMAL CLASSIFICATION NUMBER
Classification number 550
Author Mark FAB
100 ## - MAIN ENTRY--PERSONAL NAME
Personal name Peter Fabian, Martin Dameris.
9 (RLIN) 133641
245 ## - TITLE STATEMENT
Title Ozone in the Atmosphere: Basic Principles, Natural and Human Impacts /
Statement of responsibility, etc. Peter Fabian, Martin Dameris.
250 ## - EDITION STATEMENT
Edition statement 2014th Edition
260 ## - PUBLICATION, DISTRIBUTION, ETC.
Place of publication, distribution, etc. Berlin:
Name of publisher, distributor, etc. Springer,
Date of publication, distribution, etc. 2014.
300 ## - PHYSICAL DESCRIPTION
Extent 147 p ;
Dimensions 30.3 cm
563 ## - BINDING INFORMATION
Binding note Hardcover
942 ## - ADDED ENTRY ELEMENTS (KOHA)
Source of classification or shelving scheme
Koha item type Book
Holdings
Withdrawn status Lost status Source of classification or shelving scheme Damaged status Not for loan Permanent Location Current Location Date acquired Total Checkouts Full call number Barcode Date last seen Price effective from Koha item type
          Institute of Geographical Information Systems (IGIS) Institute of Geographical Information Systems (IGIS) 03/11/2026   550 FAB IGIS-1188 03/11/2026 03/11/2026 Book
          Institute of Geographical Information Systems (IGIS) Institute of Geographical Information Systems (IGIS) 03/11/2026   550 FAB IGIS-1189 03/11/2026 03/11/2026 Book
© 2023 Central Library, National University of Sciences and Technology. All Rights Reserved.